Sports Quiz

Random Sports or Football Quiz

Manchester United First Team 2000-2001 Quiz Stats

Quiz not verified by Sporcle

Challenge
Share
Tweet
Embed
Score 0/35 Timer 06:00
0 Plays Today
Squad Number Player % Correct
7David Beckham
97.7%
2Gary Neville
96.2%
12Phil Neville
96.2%
1Fabien Barthez
94.6%
9Andy Cole
94.6%
18Paul Scholes
94.6%
11Ryan Giggs
93.8%
19Dwight Yorke
92.3%
8Nicky Butt
91.5%
16Roy Keane
90.8%
10Teddy Sheringham
90%
3Denis Irwin
89.2%
6Jaap Stam
89.2%
20Ole Gunnar Solskjaer
88.5%
5Ronny Johnsen
79.2%
4David May
78.5%
24Wes Brown
75.4%
17Raimond Van Der Gouw
72.3%
Squad Number Player % Correct
21Henning Berg
70.8%
13Mark Bosnich
66.9%
30John O'Shea
66.9%
27Mikael Silvestre
62.3%
25Quinton Fortune
57.7%
36Luke Chadwick
52.3%
34Jonathan Greening
49.2%
23Michael Clegg
43.1%
22Ronnie Wallwork
41.5%
26Mark Wilson
37.7%
28Michael Stewart
32.3%
35David Healy
31.5%
14Andy Goram
30.8%
33Paul Rachubka
30%
29Alex Notman
29.2%
32Bojan Djordjic
28.5%
37Danny Webber
24.6%

You're not logged in!

Compare scores with friends on all Sporcle quizzes.
Sign Up with Email
OR
Log In

You Might Also Like...

Show Comments

Extras

Top Quizzes Today


Score Distribution

Your Account Isn't Verified!

In order to create a playlist on Sporcle, you need to verify the email address you used during registration. Go to your Sporcle Settings to finish the process.

Report this User

Report this user for behavior that violates our Community Guidelines.

Details: